[Event "European Online Club-ch-B 2021"]
[Site "Online"]
[Date "2021.03.27"]
[Round "9.12"]
[White "Miralles, Gilles"]
[Black "Naudion, Gregoire"]
[Result "1-0"]
[WhiteElo "2418"]
[BlackElo "2146"]
[Annotator "NA"]
[PlyCount "55"]
[EventDate "2021.03.27"]
[EventType "team-tourn"]
[EventCountry "NET"]
[SourceTitle "playchess.com"]
[Source "ChessBase"]
[SourceQuality "1"]
[TimeControl "900+5"]

1. d4 {[%emt 0:00:00]} g6 {[%emt 0:00:05]} 2. Nf3 {[%emt 0:00:15]} Bg7 {[%emt 0:00:03]} 3. g3 {[%emt 0:00:03]} Nf6 {[%emt 0:00:02]} 4. Bg2 {[%emt 0:00:01]} O-O {[%emt 0:00:04]} 5. c4 {[%emt 0:00:05]} d6 {[%emt 0:00:03]} 6. Nc3 {[%emt 0:00:12]} Nbd7 {[%emt 0:00:03]} 7. O-O {[%emt 0:00:02]} e5 {[%emt 0:00:03]} 8. Qc2 {[%emt 0:00:31]} c6 {[%emt 0:00:31]} 9. Rd1 {[%emt 0:00:03]} Qe7 {[%emt 0:02:22]} 10. b3 {[%emt 0:00:24]} Re8 {[%emt 0:00:49]} 11. e3 {[%emt 0:00:30]} exd4 {[%emt 0:04:07]} 12. Nxd4 {[%emt 0:00:48]} Ne5 {[%emt 0:00:10]} 13. Bb2 {[%emt 0:00:58]} Bg4 {[%emt 0:01:57]} 14. f3 {[%emt 0:00:46]} c5 {[%emt 0:00:10]} 15. fxg4 {[%emt 0:00:53]} cxd4 {[%emt 0:00:56]} 16. Rxd4 {[%emt 0:02:07]} Nexg4 {[%emt 0:00:31]} 17. Re1 {[%emt 0:00:11]} Qe5 {[%emt 0:01:20]} 18. Nd1 {[%emt 0:00:59]} Qc5 {[%emt 0:02:30]} 19. h3 {[%emt 0:00:35]} Ne5 {[%emt 0:00:19]} 20. Kh2 {[%emt 0:01:28]} Nc6 {[%emt 0:00:11]} 21. Rf1 {[%emt 0:02:01]} Re6 {[%emt 0:00:18]} 22. Rdf4 {[%emt 0:00:20]} Ne5 {[%emt 0:00:05]} 23. Bd4 {[%emt 0:00:12]} Qc7 {[%emt 0:00:06]} 24. Nc3 {[%emt 0:00:06]} h5 {[%emt 0:00:04]} 25. Qd2 {[%emt 0:01:47]} Qd8 {[%emt 0:00:09]} 26. Bxb7 {[%emt 0:00:11]} Rb8 {[%emt 0:00:06]} 27. Bg2 {[%emt 0:00:04]} Bh6 {[%emt 0:00:06]} 28. Bxa7 {[%emt 0:00:26]} 1-0

[Event "European Online Club-ch-B 2021"]
[Site "Online"]
[Date "2021.03.27"]
[Round "9.13"]
[White "Sorensen, Hampus"]
[Black "Grandelius, Nils"]
[Result "0-1"]
[WhiteElo "2395"]
[BlackElo "2663"]
[Annotator "ChessBase"]
[PlyCount "70"]
[EventDate "2021.03.27"]
[EventType "team-tourn"]
[EventCountry "NET"]
[SourceTitle "playchess.com"]
[Source "ChessBase"]
[SourceQuality "1"]
[TimeControl "900+5"]

1. d4 {[%emt 0:00:00]} Nf6 {[%emt 0:00:04]} 2. c4 {[%emt 0:00:03]} g6 {[%emt 0:00:02]} 3. Nc3 {[%emt 0:00:03]} d5 {[%emt 0:00:01]} 4. Nf3 {[%emt 0:00:02]} Bg7 {[%emt 0:00:01]} 5. h4 {[%emt 0:00:02]} Bg4 {[%emt 0:00:00]} 6. Ne5 {[%emt 0:03:13]} Be6 {[%emt 0:00:04]} 7. Bg5 {[%emt 0:00:32]} O-O {[%emt 0:02:31]} 8. e3 {[%emt 0:00:10]} c5 {[%emt 0:00:18]} 9. dxc5 {[%emt 0:00:54]} Ne4 {[%emt 0:02:07]} 10. Nxe4 {[%emt 0:01:00]} dxe4 {[%emt 0:00:06]} 11. Qxd8 {[%emt 0:00:16]} Rxd8 {[%emt 0:00:00]} 12. Bxe7 {[%emt 0:00:02]} Re8 {[%emt 0:02:44]} 13. Bd6 {[%emt 0:00:15]} f6 {[%emt 0:02:06]} 14. c6 {[%emt 0:00:28]} bxc6 {[%emt 0:00:15]} 15. Bxb8 {[%emt 0:00:05]} Rexb8 {[%emt 0:00:03]} 16. Nxc6 {[%emt 0:00:03]} Rxb2 {[%emt 0:00:02]} 17. Nd4 {[%emt 0:03:29]} Bf7 {[%emt 0:00:03]} 18. Be2 {[%emt 0:00:39]} f5 {[%emt 0:00:19]} 19. Bd1 {[%emt 0:01:31]} a5 {[%emt 0:01:50]} 20. c5 {[%emt 0:01:15]} a4 {[%emt 0:00:27]} 21. a3 {[%emt 0:00:24]} Bc4 {[%emt 0:02:17]} 22. Rc1 {[%emt 0:00:09]} Bd3 {[%emt 0:00:03]} 23. c6 {[%emt 0:00:16]} Rc8 {[%emt 0:00:45]} 24. Bxa4 {[%emt 0:00:18]} Bf8 {[%emt 0:00:26]} 25. Bb3+ {[%emt 0:01:30]} Kh8 {[%emt 0:00:04]} 26. Be6 {[%emt 0:00:05]} Rc7 {[%emt 0:00:09]} 27. Bc4 {[%emt 0:00:16]} Bxc4 {[%emt 0:00:12]} 28. Rxc4 {[%emt 0:00:06]} Rb1+ {[%emt 0:00:03]} 29. Kd2 {[%emt 0:00:05]} Rxh1 {[%emt 0:00:00]} 30. Nb5 {[%emt 0:00:10]} Rc8 {[%emt 0:00:02]} 31. Na7 {[%emt 0:00:02]} Rd8+ {[%emt 0:00:07]} 32. Kc2 {[%emt 0:00:07]} Bxa3 {[%emt 0:00:15]} 33. c7 {[%emt 0:00:04]} Rc1+ {[%emt 0:00:04]} 34. Kb3 {[%emt 0:00:01]} Rd3+ {[%emt 0:00:01]} 35. Ka2 {[%emt 0:00:10]} Rxc4 {[%emt 0:00:02]} 0-1

[Event "European Online Club-ch-B 2021"]
[Site "Online"]
[Date "2021.03.27"]
[Round "9.14"]
[White "Hansen, Sune Berg"]
[Black "Agrest, Inna"]
[Result "1-0"]
[WhiteElo "2533"]
[BlackElo "2285"]
[Annotator "ChessBase"]
[PlyCount "57"]
[EventDate "2021.03.27"]
[EventType "team-tourn"]
[EventCountry "NET"]
[SourceTitle "playchess.com"]
[Source "ChessBase"]
[SourceQuality "1"]
[TimeControl "900+5"]

1. e4 {[%emt 0:00:00]} e5 {[%emt 0:00:03]} 2. Nf3 {[%emt 0:00:03]} Nc6 {[%emt 0:00:01]} 3. Bc4 {[%emt 0:00:01]} Nf6 {[%emt 0:00:02]} 4. d3 {[%emt 0:00:03]} Bc5 {[%emt 0:00:02]} 5. c3 {[%emt 0:00:02]} a6 {[%emt 0:00:01]} 6. a4 {[%emt 0:00:03]} Ba7 {[%emt 0:00:05]} 7. O-O {[%emt 0:00:02]} d6 {[%emt 0:00:05]} 8. Re1 {[%emt 0:00:06]} O-O {[%emt 0:00:03]} 9. h3 {[%emt 0:00:01]} Ne7 {[%emt 0:00:18]} 10. d4 {[%emt 0:00:06]} Ng6 {[%emt 0:00:09]} 11. Nbd2 {[%emt 0:00:12]} Qe7 {[%emt 0:00:39]} 12. Bb3 {[%emt 0:00:14]} Nh5 {[%emt 0:02:33]} 13. Nf1 {[%emt 0:00:52]} Nhf4 {[%emt 0:01:04]} 14. Ng3 {[%emt 0:01:06]} h6 {[%emt 0:01:54]} 15. Nf5 {[%emt 0:00:48]} Qf6 {[%emt 0:00:27]} 16. Bc2 {[%emt 0:00:04]} Re8 {[%emt 0:02:05]} 17. Be3 {[%emt 0:02:48]} exd4 {[%emt 0:04:36]} 18. cxd4 {[%emt 0:02:14]} d5 {[%emt 0:00:06]} 19. e5 {[%emt 0:00:15]} Qd8 {[%emt 0:00:15]} 20. Qd2 {[%emt 0:00:46]} Bxf5 {[%emt 0:00:39]} 21. Bxf5 {[%emt 0:00:04]} Ne6 {[%emt 0:00:03]} 22. Rac1 {[%emt 0:01:47]} c6 {[%emt 0:00:07]} 23. Rc3 {[%emt 0:01:15]} a5 {[%emt 0:00:19]} 24. Bxh6 {[%emt 0:00:30]} Nh4 {[%emt 0:00:59]} 25. Bxe6 {[%emt 0:00:30]} fxe6 {[%emt 0:00:16]} 26. Nxh4 {[%emt 0:00:15]} Qxh4 {[%emt 0:00:00]} 27. Rg3 {[%emt 0:00:02]} Qxd4 {[%emt 0:00:18]} 28. Rxg7+ {[%emt 0:00:36]} Kh8 {[%emt 0:00:03]} 29. Qc2 {[%emt 0:00:03]} 1-0

[Event "European Online Club-ch-B 2021"]
[Site "Online"]
[Date "2021.03.27"]
[Round "9.15"]
[White "Rasti, Arvin"]
[Black "Engel, Luis"]
[Result "0-1"]
[WhiteElo "2195"]
[BlackElo "2553"]
[Annotator "ChessBase"]
[PlyCount "44"]
[EventDate "2021.03.27"]
[EventType "team-tourn"]
[EventCountry "NET"]
[SourceTitle "playchess.com"]
[Source "ChessBase"]
[SourceQuality "1"]
[TimeControl "900+5"]

1. d4 {[%emt 0:00:00]} Nf6 {[%emt 0:00:02]} 2. c4 {[%emt 0:00:02]} e6 {[%emt 0:00:02]} 3. Nf3 {[%emt 0:00:06]} d5 {[%emt 0:00:02]} 4. Nc3 {[%emt 0:00:04]} Bb4 {[%emt 0:00:08]} 5. Qa4+ {[%emt 0:00:05]} Nc6 {[%emt 0:00:02]} 6. e3 {[%emt 0:00:03]} O-O {[%emt 0:00:04]} 7. Bd2 {[%emt 0:00:05]} dxc4 {[%emt 0:00:32]} 8. Bxc4 {[%emt 0:00:14]} Bd6 {[%emt 0:00:08]} 9. a3 {[%emt 0:00:10]} e5 {[%emt 0:00:38]} 10. dxe5 {[%emt 0:00:05]} Nxe5 {[%emt 0:00:00]} 11. Nxe5 {[%emt 0:00:03]} Bxe5 {[%emt 0:00:01]} 12. O-O-O {[%emt 0:00:07]} Qe7 {[%emt 0:00:27]} 13. Qc2 {[%emt 0:00:29]} Be6 {[%emt 0:02:59]} 14. Bxe6 {[%emt 0:01:03]} Qxe6 {[%emt 0:00:03]} 15. Kb1 {[%emt 0:00:20]} Rfe8 {[%emt 0:00:47]} 16. Ne4 {[%emt 0:01:24]} Nxe4 {[%emt 0:00:53]} 17. Qxe4 {[%emt 0:00:07]} Qb6 {[%emt 0:00:14]} 18. Qb4 {[%emt 0:00:05]} Qg6+ {[%emt 0:00:18]} 19. Ka1 {[%emt 0:00:19]} a5 {[%emt 0:00:19]} 20. Qc4 {[%emt 0:00:44]} b5 {[%emt 0:00:15]} 21. Qd5 {[%emt 0:00:19]} b4 {[%emt 0:00:51]} 22. a4 {[%emt 0:00:11]} Qc2 {[%emt 0:00:23]} 0-1

[Event "European Online Club-ch-B 2021"]
[Site "Online"]
[Date "2021.03.27"]
[Round "9.16"]
[White "Heinemann, Thies"]
[Black "Wengholm, Anders"]
[Result "1-0"]
[WhiteElo "2502"]
[BlackElo "2198"]
[Annotator "ChessBase"]
[PlyCount "57"]
[EventDate "2021.03.27"]
[EventType "team-tourn"]
[EventCountry "NET"]
[SourceTitle "playchess.com"]
[Source "ChessBase"]
[SourceQuality "1"]
[TimeControl "900+5"]

1. e4 {[%emt 0:00:00]} d6 {[%emt 0:00:02]} 2. d4 {[%emt 0:00:03]} Nf6 {[%emt 0:00:02]} 3. Nc3 {[%emt 0:00:02]} g6 {[%emt 0:00:01]} 4. f4 {[%emt 0:00:01]} Bg7 {[%emt 0:00:03]} 5. Nf3 {[%emt 0:00:02]} c5 {[%emt 0:00:03]} 6. dxc5 {[%emt 0:01:33]} Qa5 {[%emt 0:00:04]} 7. Qd4 {[%emt 0:00:53]} O-O {[%emt 0:00:19]} 8. Bd2 {[%emt 0:02:27]} Nc6 {[%emt 0:00:11]} 9. Qc4 {[%emt 0:00:50]} Be6 {[%emt 0:02:25]} 10. Qb5 {[%emt 0:00:06]} Qc7 {[%emt 0:00:58]} 11. cxd6 {[%emt 0:01:37]} exd6 {[%emt 0:00:04]} 12. Bd3 {[%emt 0:00:16]} a6 {[%emt 0:00:43]} 13. Qg5 {[%emt 0:00:04]} Qb6 {[%emt 0:01:10]} 14. Na4 {[%emt 0:01:09]} Qa7 {[%emt 0:00:07]} 15. f5 {[%emt 0:00:12]} h6 {[%emt 0:03:09]} 16. Qh4 {[%emt 0:00:43]} g5 {[%emt 0:00:12]} 17. Nxg5 {[%emt 0:00:41]} Bxf5 {[%emt 0:00:57]} 18. exf5 {[%emt 0:00:16]} Rfe8+ {[%emt 0:01:12]} 19. Kd1 {[%emt 0:00:17]} hxg5 {[%emt 0:00:02]} 20. Bxg5 {[%emt 0:00:05]} Ne5 {[%emt 0:01:59]} 21. Nc3 {[%emt 0:02:15]} Neg4 {[%emt 0:00:33]} 22. Kd2 {[%emt 0:00:14]} b5 {[%emt 0:00:27]} 23. Rae1 {[%emt 0:00:12]} b4 {[%emt 0:00:03]} 24. Nd1 {[%emt 0:01:06]} d5 {[%emt 0:01:48]} 25. h3 {[%emt 0:00:16]} Ne4+ {[%emt 0:00:21]} 26. Bxe4 {[%emt 0:00:10]} dxe4 {[%emt 0:00:02]} 27. hxg4 {[%emt 0:00:14]} Rac8 {[%emt 0:00:07]} 28. Kc1 {[%emt 0:01:12]} Qd4 {[%emt 0:00:10]} 29. Re2 {[%emt 0:00:10]} 1-0

[Event "European Online Club-ch-B 2021"]
[Site "Online"]
[Date "2021.03.27"]
[Round "9.17"]
[White "Brunner, Nicolas"]
[Black "Vidit, Santosh Gujrathi"]
[Result "1/2-1/2"]
[WhiteElo "2418"]
[BlackElo "2726"]
[Annotator "TA"]
[PlyCount "36"]
[EventDate "2021.03.27"]
[EventType "team-tourn"]
[EventCountry "NET"]
[SourceTitle "playchess.com"]
[Source "ChessBase"]
[SourceQuality "1"]

{[%evp 20,36,16,21,12,0,0,0,0,-8,-4,-8,-1,-7,0,0,0,0,0]} 1. d4 Nf6 2. c4 e6 3. Nf3 d5 4. Nc3 Bb4 5. Bg5 h6 6. Bxf6 Qxf6 7. e3 O-O 8. Rc1 dxc4 9. Bxc4 c5 10. O-O cxd4 11. Nxd4 {The position is equal.} Bd7 {D38: Queen's Gambit Declined: Ragozin Defence (4 Nf3 Bb4).} 12. Qb3 Nc6 13. Nxc6 Bxc3 14. Rxc3 Bxc6 15. Bb5 Bd5 16. Bc4 Bc6 17. Bb5 {[#]} Bd5 $146 ({Predecessor:} 17... Be4 18. Bd3 Bxd3 19. Rxd3 b6 20. Rfd1 Rad8 21. Rxd8 Rxd8 22. Rxd8+ Qxd8 23. g3 h5 24. h4 Qd7 25. Qc2 {½-½ (31) Xu,Y (2557)-Xu,Y (2454) Xinghua 2017}) 18. Bc4 Bc6 {An uneventful encounter.  Weighted Error Value: White=0.04/Black=0.03} 1/2-1/2

[Event "European Online Club-ch-B 2021"]
[Site "Online"]
[Date "2021.03.27"]
[Round "9.18"]
[White "Navara, David"]
[Black "Mathieu, Phileas"]
[Result "1-0"]
[WhiteElo "2697"]
[BlackElo "2240"]
[Annotator "ChessBase"]
[PlyCount "35"]
[EventDate "2021.03.27"]
[EventType "team-tourn"]
[EventCountry "NET"]
[SourceTitle "playchess.com"]
[Source "ChessBase"]
[SourceQuality "1"]
[TimeControl "900+5"]

1. d4 {[%emt 0:00:00]} Nf6 {[%emt 0:00:03]} 2. c4 {[%emt 0:00:02]} c5 {[%emt 0:00:01]} 3. d5 {[%emt 0:00:01]} b5 {[%emt 0:00:01]} 4. cxb5 {[%emt 0:00:01]} a6 {[%emt 0:00:01]} 5. bxa6 {[%emt 0:00:01]} g6 {[%emt 0:00:01]} 6. Nc3 {[%emt 0:00:03]} Bg7 {[%emt 0:00:03]} 7. e4 {[%emt 0:00:01]} O-O {[%emt 0:00:01]} 8. e5 {[%emt 0:00:01]} Ne8 {[%emt 0:00:15]} 9. h4 {[%emt 0:00:02]} d6 {[%emt 0:00:14]} 10. h5 {[%emt 0:00:03]} Nd7 {[%emt 0:01:14]} 11. hxg6 {[%emt 0:01:10]} hxg6 {[%emt 0:00:07]} 12. e6 {[%emt 0:03:02]} fxe6 {[%emt 0:02:31]} 13. dxe6 {[%emt 0:00:00]} Ne5 {[%emt 0:00:31]} 14. f4 {[%emt 0:00:11]} Nc6 {[%emt 0:00:12]} 15. Nf3 {[%emt 0:04:07]} Nd4 {[%emt 0:03:31]} 16. Ng5 {[%emt 0:00:23]} Nc7 {[%emt 0:00:29]} 17. Qd3 {[%emt 0:02:49]} Ncxe6 {[%emt 0:00:36]} 18. Rh8+ {[%emt 0:00:06]} 1-0

[Event "European Online Club-ch-B 2021"]
[Site "Online"]
[Date "2021.03.27"]
[Round "9.19"]
[White "Adrian, Leopold"]
[Black "Sasikiran, Krishnan"]
[Result "0-1"]
[WhiteElo "2009"]
[BlackElo "2647"]
[Annotator "ChessBase"]
[PlyCount "70"]
[EventDate "2021.03.27"]
[EventType "team-tourn"]
[EventCountry "NET"]
[SourceTitle "playchess.com"]
[Source "ChessBase"]
[SourceQuality "1"]
[TimeControl "900+5"]

1. c4 {[%emt 0:00:00]} e5 {[%emt 0:00:03]} 2. Nc3 {[%emt 0:00:02]} Nc6 {[%emt 0:00:03]} 3. e3 {[%emt 0:00:04]} Nf6 {[%emt 0:00:22]} 4. g4 {[%emt 0:00:03]} d5 {[%emt 0:01:35]} 5. g5 {[%emt 0:00:08]} d4 {[%emt 0:00:02]} 6. gxf6 {[%emt 0:00:09]} dxc3 {[%emt 0:00:02]} 7. bxc3 {[%emt 0:00:02]} Qxf6 {[%emt 0:00:29]} 8. Bg2 {[%emt 0:00:09]} Qg6 {[%emt 0:01:05]} 9. Qf3 {[%emt 0:00:11]} Be6 {[%emt 0:02:56]} 10. d4 {[%emt 0:01:34]} Bxc4 {[%emt 0:00:46]} 11. d5 {[%emt 0:00:26]} Na5 {[%emt 0:02:01]} 12. Ne2 {[%emt 0:00:36]} O-O-O {[%emt 0:01:15]} 13. e4 {[%emt 0:00:48]} Kb8 {[%emt 0:00:03]} 14. O-O {[%emt 0:00:04]} f5 {[%emt 0:00:53]} 15. exf5 {[%emt 0:00:45]} Qa6 {[%emt 0:00:02]} 16. Re1 {[%emt 0:00:24]} Bc5 {[%emt 0:00:29]} 17. Bg5 {[%emt 0:00:49]} Rxd5 {[%emt 0:00:52]} 18. Ng3 {[%emt 0:00:37]} h6 {[%emt 0:00:29]} 19. Be3 {[%emt 0:00:07]} Bxe3 {[%emt 0:00:24]} 20. Qxe3 {[%emt 0:00:04]} Rd7 {[%emt 0:00:31]} 21. Qxe5 {[%emt 0:00:20]} Rhd8 {[%emt 0:00:25]} 22. Nh5 {[%emt 0:00:55]} Nc6 {[%emt 0:00:15]} 23. Qc5 {[%emt 0:00:30]} Bd5 {[%emt 0:00:08]} 24. Rad1 {[%emt 0:00:27]} b6 {[%emt 0:01:06]} 25. Qe3 {[%emt 0:02:22]} Qxa2 {[%emt 0:00:09]} 26. Rxd5 {[%emt 0:00:57]} Rxd5 {[%emt 0:00:03]} 27. Nxg7 {[%emt 0:00:01]} Re5 {[%emt 0:00:11]} 28. Qc1 {[%emt 0:00:02]} Qd2 {[%emt 0:00:11]} 29. Qxd2 {[%emt 0:00:35]} Rxd2 {[%emt 0:00:03]} 30. Rxe5 {[%emt 0:00:01]} Nxe5 {[%emt 0:00:02]} 31. f6 {[%emt 0:00:27]} a5 {[%emt 0:00:03]} 32. Be4 {[%emt 0:00:28]} a4 {[%emt 0:00:06]} 33. f4 {[%emt 0:00:02]} Nd7 {[%emt 0:00:04]} 34. f7 {[%emt 0:00:10]} a3 {[%emt 0:00:02]} 35. Bb1 {[%emt 0:00:17]} Rb2 {[%emt 0:00:05]} 0-1

[Event "European Online Club-ch-B 2021"]
[Site "Online"]
[Date "2021.03.27"]
[Round "9.20"]
[White "Ragger, Markus"]
[Black "Venard, Paul-Andre"]
[Result "1-0"]
[WhiteElo "2680"]
[BlackElo "2048"]
[Annotator "ChessBase"]
[PlyCount "49"]
[EventDate "2021.03.27"]
[EventType "team-tourn"]
[EventCountry "NET"]
[SourceTitle "playchess.com"]
[Source "ChessBase"]
[SourceQuality "1"]
[TimeControl "900+5"]

1. e4 {[%emt 0:00:00]} c5 {[%emt 0:00:04]} 2. Nf3 {[%emt 0:00:03]} g6 {[%emt 0:00:02]} 3. d4 {[%emt 0:00:01]} cxd4 {[%emt 0:00:02]} 4. Nxd4 {[%emt 0:00:01]} Bg7 {[%emt 0:00:02]} 5. c4 {[%emt 0:00:02]} Nc6 {[%emt 0:00:04]} 6. Be3 {[%emt 0:00:01]} Nh6 {[%emt 0:00:05]} 7. Nc3 {[%emt 0:00:23]} d6 {[%emt 0:00:06]} 8. Be2 {[%emt 0:00:05]} f5 {[%emt 0:00:11]} 9. Bxh6 {[%emt 0:00:44]} Bxh6 {[%emt 0:00:27]} 10. exf5 {[%emt 0:00:03]} O-O {[%emt 0:02:52]} 11. Ne6 {[%emt 0:01:40]} Bxe6 {[%emt 0:00:59]} 12. fxe6 {[%emt 0:00:01]} Qb6 {[%emt 0:00:13]} 13. O-O {[%emt 0:00:02]} Qxb2 {[%emt 0:00:29]} 14. Nd5 {[%emt 0:00:04]} b6 {[%emt 0:03:30]} 15. Rb1 {[%emt 0:01:37]} Qxa2 {[%emt 0:01:43]} 16. Bd3 {[%emt 0:01:35]} Qd2 {[%emt 0:02:08]} 17. Qxd2 {[%emt 0:01:28]} Bxd2 {[%emt 0:00:03]} 18. f4 {[%emt 0:00:03]} Rac8 {[%emt 0:02:12]} 19. g3 {[%emt 0:04:56]} Rfe8 {[%emt 0:00:53]} 20. Rfd1 {[%emt 0:00:33]} Ba5 {[%emt 0:00:05]} 21. Bc2 {[%emt 0:00:06]} Nd8 {[%emt 0:00:20]} 22. Ba4 {[%emt 0:00:11]} Nxe6 {[%emt 0:00:12]} 23. Bxe8 {[%emt 0:00:36]} Rxe8 {[%emt 0:00:02]} 24. Rb3 {[%emt 0:00:03]} Kf7 {[%emt 0:00:09]} 25. Re3 {[%emt 0:00:03]} 1-0